[Event "FICGS W-ch st1 g15 email"]
[Site "FICGS email"]
[Date "2006.07.01"]
[Round "1"]
[White "Cornel, Matei"]
[Black "Fillion, Nicolas"]
[Result "1-0"]
[WhiteElo "2183"]
[BlackElo "1763"]
[PlyCount "33"]
[EventDate "2006.??.??"]
[EventType "tourn (corr)"]
[EventRounds "8"]
[SourceTitle "Corr 2022"]
[Source "ChessBase"]
[SourceDate "2021.10.24"]
[SourceVersion "1"]
[SourceVersionDate "2021.10.24"]
[SourceQuality "1"]

1. e4 e5 2. Nf3 Nc6 3. d4 exd4 4. Nxd4 Nf6 5. Nxc6 bxc6 6. e5 Qe7 7. Qe2 Nd5 8. c4 Ba6 9. Nd2 g6 10. Qe4 f5 11. exf6 Nxf6 12. Qxe7+ Bxe7 13. Nb3 0-0 14. f3 Rfe8 15. Kf2 Rab8 16. Bd2 Rf8 17. Re1 1-0

[Event "FICGS class D 000003 email"]
[Site "FICGS email"]
[Date "2006.04.26"]
[Round "1"]
[White "Fillion, Nicolas"]
[Black "Berthelot, Eric"]
[Result "1-0"]
[WhiteElo "1640"]
[BlackElo "1420"]
[PlyCount "45"]
[EventDate "2006.??.??"]
[EventType "tourn (corr)"]
[EventRounds "6"]
[SourceTitle "Corr 2022"]
[Source "ChessBase"]
[SourceDate "2021.10.24"]
[SourceVersion "1"]
[SourceVersionDate "2021.10.24"]
[SourceQuality "1"]

1. e4 e5 2. Nf3 Nc6 3. Bb5 Nf6 4. 0-0 Bd6 5. Re1 0-0 6. d4 exd4 7. e5 Bb4 8. c3 dxc3 9. bxc3 Bxc3 10. Nxc3 Ne8 11. Ba3 a6 12. Bxc6 bxc6 13. Bxf8 Kxf8 14. Rb1 f6 15. e6 Qe7 16. exd7 Qxd7 17. Qxd7 Bxd7 18. Ne4 h6 19. Nd4 c5 20. Nxc5 Bb5 21. Nxb5 axb5 22. Rxb5 Rxa2 23. Rb8 1-0

[Event "FICGS class C 000002 email"]
[Site "FICGS email"]
[Date "2006.04.26"]
[Round "1"]
[White "Fillion, Nicolas"]
[Black "Wyborn, Graham"]
[Result "0-1"]
[WhiteElo "1640"]
[BlackElo "1700"]
[PlyCount "24"]
[EventDate "2006.??.??"]
[EventType "tourn (corr)"]
[EventRounds "1"]
[SourceTitle "Corr 2022"]
[Source "ChessBase"]
[SourceDate "2021.10.24"]
[SourceVersion "1"]
[SourceVersionDate "2021.10.24"]
[SourceQuality "1"]

1. e4 c5 2. Nc3 Nc6 3. g3 d6 4. Bg2 Nf6 5. d3 e5 6. f4 Be7 7. Nf3 0-0 8. 0-0 Rb8 9. h3 exf4 10. gxf4 d5 11. exd5 Nxd5 12. Ne4 Qc7 0-1

[Event "FICGS class D 000003 email"]
[Site "FICGS email"]
[Date "2006.04.26"]
[Round "1"]
[White "Riha, Josef"]
[Black "Fillion, Nicolas"]
[Result "1-0"]
[WhiteElo "1400"]
[BlackElo "1640"]
[PlyCount "37"]
[EventDate "2006.??.??"]
[EventType "tourn (corr)"]
[EventRounds "6"]
[SourceTitle "Corr 2022"]
[Source "ChessBase"]
[SourceDate "2021.10.24"]
[SourceVersion "1"]
[SourceVersionDate "2021.10.24"]
[SourceQuality "1"]

1. d4 Nf6 2. c4 g6 3. Nc3 Bg7 4. e4 d6 5. Nf3 0-0 6. Be2 e5 7. 0-0 Nc6 8. d5 Ne7 9. Ne1 Nd7 10. Be3 f5 11. f3 f4 12. Bf2 g5 13. a4 Ng6 14. a5 Rf7 15. b4 Nf6 16. c5 Bf8 17. c6 bxc6 18. dxc6 Be6 19. Ba6 1-0

[Event "FICGS rapid B 000003 email"]
[Site "FICGS email"]
[Date "2006.04.23"]
[Round "1"]
[White "Cridland, Graham M"]
[Black "Fillion, Nicolas"]
[Result "0-1"]
[WhiteElo "1700"]
[BlackElo "1640"]
[PlyCount "44"]
[EventDate "2006.??.??"]
[EventType "tourn (rapid)"]
[EventRounds "6"]
[SourceTitle "Corr 2022"]
[Source "ChessBase"]
[SourceDate "2021.10.24"]
[SourceVersion "1"]
[SourceVersionDate "2021.10.24"]
[SourceQuality "1"]

1. e4 e5 2. Nf3 Nc6 3. Bb5 a6 4. Ba4 Nf6 5. 0-0 Be7 6. Re1 b5 7. Bb3 0-0 8. d3 d6 9. c3 Na5 10. Bc2 c5 11. Nbd2 Re8 12. Nf1 h6 13. h3 Bf8 14. Ne3 Bb7 15. Nf5 d5 16. Qe2 c4 17. exd5 cxd3 18. Bxd3 e4 19. Bxe4 Rxe4 20. Be3 Nxd5 21. Rad1 Qf6 22. Ng3 Ree8 0-1

[Event "Quebec Montcalm-ch"]
[Site "Quebec"]
[Date "2006.01.08"]
[Round "4"]
[White "Fillion, Nicolas"]
[Black "Beaudoin, Stephane"]
[Result "0-1"]
[WhiteElo "1627"]
[BlackElo "1970"]
[PlyCount "54"]
[EventDate "2006.01.06"]
[EventType "swiss"]
[EventRounds "5"]
[EventCountry "CAN"]
[SourceTitle "EXT 2007"]
[Source "ChessBase"]
[SourceDate "2006.11.23"]
[SourceVersion "1"]
[SourceVersionDate "2006.11.23"]
[SourceQuality "1"]

1. e4 g6 2. d4 Bg7 3. Nc3 d6 4. f4 Nf6 5. Nf3 0-0 6. Bd3 Na6 7. 0-0 c5 8. Bxa6 cxd4 9. Nxd4 bxa6 10. Be3 Ng4 11. Qd3 Bb7 12. f5 Nxe3 13. Qxe3 Rc8 14. Nd5 Bxd5 15. exd5 Qb6 16. c3 Rc5 17. Qxe7 Rxd5 18. f6 Re5 19. Qd7 Bh6 20. Kh1 Qxb2 21. Qxd6 Re3 22. Nc6 Qxc3 23. Ne7+ Kh8 24. Rac1 Qe5 25. Qxa6 Re2 26. Rc8 Re1 27. Rc5 Rxf1+ 0-1

[Event "Quebec Montcalm op 1st"]
[Site "Quebec"]
[Date "2005.??.??"]
[Round "3"]
[White "Fillion, Nicolas"]
[Black "Potvin, Alain Nicolas"]
[Result "0-1"]
[WhiteElo "1587"]
[BlackElo "1817"]
[PlyCount "88"]
[EventDate "2005.09.25"]
[EventType "swiss"]
[EventRounds "5"]
[EventCountry "CAN"]
[SourceTitle "EXT 2007"]
[Source "ChessBase"]
[SourceDate "2006.11.23"]
[SourceVersion "1"]
[SourceVersionDate "2006.11.23"]
[SourceQuality "1"]

1. Nf3 g6 2. e4 Bg7 3. d4 d6 4. c4 Nf6 5. Nc3 0-0 6. Be2 Bg4 7. 0-0 Nc6 8. Be3 e5 9. d5 Ne7 10. Ne1 Bxe2 11. Qxe2 Qd7 12. f3 Nh5 13. Nd3 f5 14. Kh1 f4 15. Bg1 g5 16. c5 Rf6 17. Bf2 Rh6 18. h3 Ng6 19. Rfc1 a6 20. b4 Nh4 21. Be1 Rf8 22. Kg1 Ng3 23. Bxg3 fxg3 24. b5 axb5 25. cxd6 cxd6 26. Nb4 Rf7 27. Nxb5 Nxg2 28. Qxg2 Qxb5 29. Rab1 Rhf6 30. Rb3 Qb6+ 31. Kh1 Qf2 32. Rf1 Qxg2+ 33. Kxg2 h5 34. Kxg3 g4 35. hxg4 hxg4 36. Re1 gxf3 37. Kf2 Bh6 38. Rg1+ Kf8 39. Rg3 Bd2 40. Nd3 Ba5 41. Rb5 Bc3 42. Ne1 Bd4+ 43. Kf1 f2 44. Nd3 Rh6 0-1

[Event "Quebec Montcalm op 8th"]
[Site "Quebec"]
[Date "2003.05.25"]
[Round "4"]
[White "Beaudoin, Stephane"]
[Black "Fillion, Nicolas"]
[Result "1-0"]
[WhiteElo "1948"]
[BlackElo "1534"]
[PlyCount "85"]
[EventDate "2003.??.??"]
[EventType "swiss"]
[EventRounds "5"]
[EventCountry "CAN"]
[SourceTitle "EXT 2008"]
[Source "ChessBase"]
[SourceDate "2007.11.25"]
[SourceVersion "1"]
[SourceVersionDate "2007.11.25"]
[SourceQuality "1"]

1. e4 e5 2. Bc4 Nf6 3. d3 c6 4. Nf3 d5 5. Bb3 Bd6 6. 0-0 0-0 7. Qe2 dxe4 8. dxe4 h6 9. Nbd2 Qe7 10. c3 Nbd7 11. Bc2 a5 12. b3 Rd8 13. Nc4 Bc5 14. a4 Qe6 15. h3 b6 16. Nh4 Ba6 17. Bd3 Bf8 18. Be3 Nc5 19. Bxc5 Bxc5 20. Nf5 g6 21. Nxh6+ Kg7 22. Ng4 Nxg4 23. hxg4 Bc8 24. Qf3 f6 25. Be2 Rh8 26. g3 Rh3 27. Kg2 Rh7 28. Rh1 Rxh1 29. Rxh1 b5 30. axb5 cxb5 31. Ne3 Bd7 32. Nd5 Rc8 33. b4 axb4 34. cxb4 Bd4 35. Bd1 Rc1 36. Nxf6 Qxf6 37. Rh7+ Kxh7 38. Qxf6 Bc6 39. Qe7+ Kh8 40. Bb3 Bxe4+ 41. f3 Bxf3+ 42. Kxf3 e4+ 43. Ke2 1-0